00489nam a2200193 a 4500001001300000003000900013005001700022008004100039020000800080082001500088100002500103245002300128260003800151300000900189500003500198505001700233650002000250700002500270nice12345678IN_TiNIC20260116011753.0050524s1975 hyda grp 000 0 urd  ac500a297.2bJEE aJeelani, Abdul Qader aMazratul Aakharate aHyderabadbJamia Muhammadiac1975 a264p aincludes index and biblioraphy2 aBibliography aIslam-Doctrines1 aJeelani, Abdul Qader